Dan Brown Books Quiz Stats

 Plays Quiz Updated Oct 5, 2017

Challenge
Share
Tweet
Embed
Score 0/7 Timer 01:00
0 Plays Today
Year Novel % Correct
2003The Da Vinci Code
97.7%
2000Angels & Demons
96.1%
2009The Lost Symbol
68.2%
2013Inferno
64.5%
1998Digital Fortress
58.4%
2001Deception Point
52.5%
2017Origin
41.1%

You're not logged in!

Compare scores with friends on all Sporcle quizzes.
OR
Log In

You Might Also Like...

Show Comments

Extras

Top Quizzes Today


Score Distribution

Your Account Isn't Verified!

In order to create a playlist on Sporcle, you need to verify the email address you used during registration. Go to your Sporcle Settings to finish the process.

Report this User

Report this user for behavior that violates our Community Guidelines.

Details: